| 000 | 00952nam a22002537a 4500 | ||
|---|---|---|---|
| 005 | 20170124103105.0 | ||
| 010 | _aA-586411 | ||
| 020 | _c30.00 | ||
| 035 | _aA-586411 | ||
| 037 | _bCen Lib/Ret | ||
| 040 |
_aDPL _bHN |
||
| 082 |
_a822 _bविवेका |
||
| 100 |
_aविवेकानन्द _943304 |
||
| 245 |
_aअन्ततः / _cविवेकानन्द |
||
| 246 |
_aAntatah / _bby Vivekanand |
||
| 260 |
_aनयी दिल्ली _bभारतीय ज्ञानपीठ _c1990 |
||
| 270 |
_a18, इंस्टीट्युशनल एरिया _bनयी दिल्ली _e110003 |
||
| 300 |
_a50पृ. _c21सेमी (अजिल्द) |
||
| 650 |
_aसाहित्य--नाटक _9147 |
||
| 650 |
_aहिन्दी नाटक _91413 |
||
| 650 |
_aLiterature--Drama _978202 |
||
| 650 |
_aHindi drama _978203 |
||
| 942 |
_2ddc _cHN _h822 _mविवेका |
||
| 999 |
_c118068 _d118068 |
||